000 00347nam a2200133 a 4500
005 20210219152801.0
008 991125s1985 000 0 eng u
022 _a0267-5501
035 _aUPN01000061080
245 0 0 _aMICRO MATH
260 _bAssociation of Teachers of Mathematics, Basil Blackwell
310 _aCuatrimestral
905 _aRevista
999 _c60743
_d60743